Les personnages de Black Panther : Wakanda Forever - #30 - Statistiques

Statistiques générales
  • Ce quiz a été pris 7 fois
  • Le résultat moyen est 10 sur 17
Statistiques - réponses
Réponse % Correct
M'Baku
100%
Namor / K'uk'ulkan
100%
Shuri / Black Panther
100%
Everett K. Ross
67%
Nakia
67%
Namora
67%
Okoye
67%
Ramonda
67%
Ayo
50%
N'Jadaka / Killmonger
50%
Riri Williams / Ironheart
50%
Toussaint / Prince T'Challa
50%
Valentina Allegra de Fontaine
50%
Aneka
33%
Attuma
33%
Dr Graham
17%
Fen
17%
Aucun quiz correspondant
Distribution des résultats
% des personnes avec chaque résultat
Percentile par nombre de réponses
Votre historique - résultats
Vous n’avez pas pris ce quiz